000 02082cam a2200529Ii 4500
001 ocn883665794
003 OCoLC
005 20200320193222.0
008 140715s2014 nyua j 000 1 eng d
019 _a868040545
_a868044611
_a892915050
020 _a9781484711101
020 _a1484711106
020 _a9780606352864
020 _a0606352864
020 _c12.49
035 _a(OCoLC)883665794
_z(OCoLC)868040545
_z(OCoLC)868044611
_z(OCoLC)892915050
040 _aGZD
_beng
_erda
_cGZD
_dBTCTA
_dBDX
_dYDXCP
_dOCP
_dCNCAR
_dJCX
_dIUI
_dWACOL
049 _aWACL
082 4 _a[E]
092 _aE
_bWya
100 1 _aWyatt, Chris,
_d1975-
_95894252
245 1 0 _aSpider-Man vs Dracula /
_cadapted by Chris "Doc" Wyatt.
246 3 _aSpider-Man versus Dracula
246 1 _iAt head of title :
_aMarvel
264 1 _aNew York :
_bMarvel Press,
_c[2014]
300 _a24 pages :
_bcolor illustrations ;
_c21 cm.
336 _atext
336 _astill image
337 _aunmediated
338 _avolume
490 1 _aUltimate Spider-Man
500 _a"Based on Marvel's animated series Ultimate Spider-Man."
520 _aWhen Dracula, king of the vampies, returns to control the living and the undead, it's up to Spider-Man to stop him.
521 _aChildrens
_b, Penworthy
650 0 _aSpider-Man (Fictitious character)
_vJuvenile fiction.
_95712323
650 0 _aDracula, Count (Fictitious character)
_vJuvenile fiction.
_95766605
650 0 _aHeroes
_vJuvenile fiction.
_95674994
830 0 _aSpider-Man (New York, N.Y.)
_95894253
938 _aBaker and Taylor
_bBTCP
_nBK0014283196
938 _aBrodart
_bBROD
_n108384004
938 _aYBP Library Services
_bYANK
_n11567090
942 _cBOOK
_032
948 _a01/05/2015
_zSirsi
994 _a02
_bWACOL
996 _a114758
_b34301001399114
_cE
_dbk
_ewcl
_fi
_g12
_h12.49
_lPenworthy
_mWya
_p01/08/2015
_q10/01/2019
_r09/11/2019
996 _a114758
_b34301001414764
_cE
_dbk
_ewcl
_fi
_g20
_h12.49
_lpenworthy
_mWya
_p03/16/2015
_q08/21/2019
_r07/31/2019
999 _c285456
_d285456